Democracia y estado contemporáneo: especial referencia al sistema democrático venezolano

Uloženo v:
Podrobná bibliografie
Hlavní autor: Guerra G., Luis Beltrán (Autor)
Médium: Kniha
Jazyk:španělština
Vydáno: Caracas Sucre 1983
Témata:
Tagy: Přidat tag
Žádné tagy, Buďte první, kdo vytvoří štítek k tomuto záznamu!

MARC

LEADER 00000nam a2200000 a 4500
001 UCT7195
003 CL-VaPUC
008 970116e19830000VE |||||||||||||||||spa|d
082 0 4 |a 321.987  |b GUE  |2 21 
100 0 |a Guerra G., Luis Beltrán  |e author  |9 378022 
245 1 0 |a Democracia y estado contemporáneo: especial referencia al sistema democrático venezolano 
300 |a 211 p 
942 |c BK 
945 |d 19970116 00:00:00  |a paguirre 
260 |a Caracas  |b Sucre  |c 1983 
650 7 |a SISTEMAS POLITICOS  |2 CL-VaPUC  |9 378023 
650 0 |a Democracia  |9 255256 
650 7 |a MARXISMO  |2 CL-VaPUC  |9 378024 
650 0 |a Estado  |9 255503 
650 0 |a Gobierno   |9 255508 
650 0 |a Partidos políticos  |9 254999 
650 0 |a Constituciones  |9 255417 
651 0 |a Venezuela  |9 254993 
583 |a last modification  |c 19970116 00:00:00  |k Rodrigo Vera 
999 |c 255852  |d 255850 
952 |0 0  |1 0  |4 0  |6 321_987000000000000_GUE_1983  |7 0  |8 A  |9 278302  |a BIBDER  |b BIBDER  |d 2019-11-19  |i 1807366  |o 321.987 GUE 1983  |p 1807366  |r 2023-01-25  |w 2019-11-19  |y BK  |k DER